Statystyki dla słynne zabytki ze rozładowanym autofokusem #1

Kliknij tutaj aby rozwiązać quiz!

Ogólne statystyki

  • Ten quiz został rozwiązany 14 razy
  • Średni wynik to 3 z 16

Odpowiedzi na mapie

Odpowiedzi skodowane kolorowo w zielono-czerwonej skali na mapie do tego quizu, zgodnie z poniższymi procentami.
 

Statystyki odpowiedzi

% Poprawnych
Opera w Sydney
92%
Mount Rushmore, Dakota Południowa
83%
Wielki Mur Chiński
83%
Chrystus Odkupiciel , Rio
17%
Golden Gate Bridge
8%
Kopuła na Skale, Jerozolima
0%
Maczupikczu , Peru
0%
Pałac Westminsterski, Londyn
0%
Parthenon, Ateny
0%
Petra, Jordania
0%
Petronas Towers, Kuala Lumpur
0%
Sobór Wasyla Błogosławionego , Moskwa
0%
Stonehenge, UK
0%
Tadź Mahal, Agra
0%
Times Square, Nowy Jork
0%
Wieża Eiffla , Paryż
0%

Rozkład punktacji

Percentyl według liczby udzielonych odpowiedzi

Procent ludzi z każdym wynikiem

Twoja historia wyników

Nie rozwiązałeś tego quizu